| 000 | 00345nam a2200133Ia 4500 | ||
|---|---|---|---|
| 999 |
_c5872 _d5872 |
||
| 003 | OSt | ||
| 008 | 191201s2012 xx 000 0 und d | ||
| 100 | _aMODI, PN | ||
| 245 | 0 | _aIrrigation Water Resources and Water Power Engineering | |
| 260 |
_aN. delhi _bStandard Publishere _c2012 |
||
| 300 | _a1070 | ||
| 650 | _aB.Tech(CE) | ||
| 942 |
_2ddc _cBK _02 |
||